Vyvrátený mýtus: hady nie sú zlé a netreba ich preto zabíjať

Bibliographic Details
Format: Article
Language:Slovak
PhysicalDescription:Fotogr.
Subjects:

MARC

LEADER 00000nab a2200000 a 4500
001 vtls009491543
003 SK-MaSNL
005 20260303044900.0
008 090409c2008 xo wr 0 0slo
038 |a SLLK 
040 |a SLLK  |b slo  |c sllk  |e AACR2 
041 |a slo 
044 |a xo  |c SK 
080 |a 598.115.33  |2 2001 
245 0 0 |a Vyvrátený mýtus: hady nie sú zlé a netreba ich preto zabíjať  |c Text (mv) ; foto (internet) 
300 |b Fotogr. 
648 7 |a 2008  |2 snkbucl  |9 317238 
650 0 7 |a vretenica severná  |2 snkbucl  |9 173918 
651 7 |a Stará Ľubovňa (Slovensko)  |2 snkbucl  |9 19193 
773 0 |t Ľubovnianske noviny  |g Roč. XXXIV, č. 30-31 (2008), s. 5 
999 |c 1701848  |d 1703778